| 000 | | | 05897cbc2a2200000#x 450 |
| 001 | | | d7ef4588-04c9-4d6a-914c-c3219087d893 |
| 005 | | | 20251105150852.0 |
| 100 | ## | $a | 20141212l18891889k l0rusy0189 ca |
| 101 | 0# | $a | rus |
| 102 | ## | $a | RU |
| 200 | 1# | $a | Дело о выкупе земельных наделов временнообязанными крестьянами М. К. Пржездзецкой имения Ракишки Новоалександровского уезда Ковенской губернии |
| | $j | 20 июня - 25 сентября 1889 года |
| 251 | ## | $c | Дело |
| 300 | ## | $a | Печатный и рукописный текст |
| 300 | ## | $a | Оригинальный заголовок дела: Дело Пржездзецкой М. К. Ковенской губернии Новоалександровского уезда имения Ракишки. 20 июня 1889 г. - 25 сентября 1889 г. |
| 300 | ## | $a | Заголовок дела также: Дело Пржездзецкой М. К. имения Ракишки. 20 июня 1889 г. - 25 сентября 1889 г. |
| 801 | #0 | $a | RU |
| | $b | РГИА |
| | $c | 20141212 |
| 801 | #1 | $a | RU |
| | $b | ГлавНИВЦ |
| | $c | 20141212 |
| | $2 | rusmarc |
| 801 | #2 | $a | RU |
| | $b | ПБ им. Б.Н. Ельцина |
| | $c | 20160109 |
| | $g | RCR |
| | $2 | rusmarc |
| 850 | ## | $a | Федеральное казенное учреждение "Российский государственный исторический архив" |
| 852 | ## | $a | РГИА |
| | $j | 954 |
| 937 | ## | $h | РГИА |
| | $d | 11173894 |
| | $a | ASBIBLIO_SCAN |
| 462 | #0 | $1 | 001502adf71-6cdd-4b0a-8019-ccd751bf1031 |
| | $1 | 2001 |
| | $a | 1861-1895 гг. |
| | $v | Д. 954 |
| | $1 | 251 |
| | $c | Опись |
| | $1 | 852 |
| | $j | 15 |
| 461 | #0 | $1 | 0018ef30ad5-ff5c-4840-a721-74c62a200f95 |
| | $1 | 2001 |
| | $a | Главное выкупное учреждение Министерства финансов |
| | $1 | 251 |
| | $c | Фонд |
| | $1 | 852 |
| | $j | 577 |
| 215 | ## | $a | 28 листов |
| | $d | 36,5х26 см |
| 371 | ## | $a | Документ не является опубликованным и широко распространяемым |
| 105 | ## | $a | y### |
| 122 | 2# | $a | d18890620## |
| | $a | d18890925## |
| 517 | 1# | $a | Дело Пржездзецкой М. К. Ковенской губернии Новоалександровского уезда имения Ракишки |
| | $e | 20 июня 1889 г. - 25 сентября 1889 г. |
| 517 | 1# | $a | Дело Пржездзецкой М. К. имения Ракишки |
| | $e | 20 июня 1889 г. - 25 сентября 1889 г. |
| 035 | ## | $a | d7ef4588-04c9-4d6a-914c-c3219087d893 |
| 606 | 1# | $a | Помещичьи крестьяне |
| | $y | Ковенская губерния |
| | $z | 2-я пол. 19 в. |
| | $2 | prlib_sh |
| | $3 | LIBNET\UAF\0000118702 |
| | $j | Документы и материалы |
| 606 | 1# | $a | Сельскохозяйственные земли |
| | $2 | nlr_sh |
| | $3 | RU\NLR\AUTH\6601719567 |
| | $x | Выкуп |
| | $y | Россия |
| | $j | Документы и материалы |
| 606 | 1# | $2 | nlr_sh |
| | $3 | RU\NLR\AUTH\6601673336 |
| | $a | Выкупные платежи |
| | $y | Россия |
| | $j | Документы и материалы |
| 605 | ## | $2 | acquisition_Prlib |
| | $3 | DITM\AF\0000003834 |
| | $a | Народ |
| | $l | коллекция |
| 605 | ## | $a | Власть |
| | $l | коллекция |
| | $2 | acquisition_Prlib |
| | $3 | DITM\AF\0000002775 |
| 686 | ## | $2 | rubbk |
| | $a | 63.3(28-8Ков)522-06ю11 |
| | $v | LBC/M |